000 00875nam a2200265Ia 4500
003 OSt
005 20220930090057.0
006 a|||||r|||| 00| 0
007 ta
008 220926b |||||||| |||| 00| 0 hin d
024 _a108712
037 _cTheses
040 _aCRL
_cCRL
_bhin
041 _2hin
_ahin
100 _aYadav Suman
_9541834
110 _aVir Bahadur Singh Poorvanchal University, Jaunpur. Faculty of Arts. Department of Sanskrit
_9541835
245 0 _aMaha bharatiya nalopakhyanam ewam naishdhiy caritam ka tulnatmak adhyayan
260 _c2005
300 _a285p.
_ap.
_ccm.
650 _aSANSKRIT
700 _a Dr. Sumedha Mitra Gu.
_9541836
700 _aVir Bahadur Singh Poorvanchal University, Jaunpur. Faculty of Arts. Department of Sanskrit
_9541837
942 _cDIS
_2CC
999 _c880014
_d880014